| 000 | 00547nam a22001697a 4500 | ||
|---|---|---|---|
| 005 | 20251108172524.0 | ||
| 008 | 250721s9999 xx 000 0 ara d | ||
| 082 | 1 | 4 | _a338.9خير |
| 100 | 1 | _aأبو الخير، كمال حمدي | |
| 245 | 1 | 0 | _aبحوث و دراسات في إستراتيجية التنمية الزراعية / |
| 264 | 1 |
_aالقاهرة : _bمكتبة عين شمس، |
|
| 300 | _a621ص | ||
| 650 | 1 | 7 | _aالتنمية الزراعية |
| 650 | 1 | 7 | _aالإقتصاد الزراعي |
| 942 |
_2ddc _cBK |
||
| 999 |
_c81509 _d81509 |
||